000
00314 a2200157 4500
001
61130
020
_a
0333924568
040
_c
Anchieta - Pituba
100
_a
Pye, Diana
240
1
0
_a
Move up
_l
por
245
1
0
_a
Move up
300
_a
53
362
0
_a
1998
650
4
_a
Inglês e inglês antigo
942
_c
BK
999
_c
61130
_d
61130